Phát thảo chiến lược phát triển khoa học và công nghệ Việt Nam đến năm 2010 : ( Sách tham khảo )

সংরক্ষণ করুন:
গ্রন্থ-পঞ্জীর বিবরন
প্রধান লেখক: Mai, Hà
বিন্যাস: গ্রন্থ
ভাষা:Undetermined
প্রকাশিত: Hà Nội Chính trị Quốc gia 2003
বিষয়গুলি:
ট্যাগগুলো: ট্যাগ যুক্ত করুন
কোনো ট্যাগ নেই, প্রথমজন হিসাবে ট্যাগ করুন!
Thư viện lưu trữ: Trung tâm Học liệu Trường Đại học Cần Thơ
LEADER 00702nam a2200217Ia 4500
001 CTU_63442
008 210402s9999 xx 000 0 und d
020 |b 11500 
082 |a 338.09597 
082 |b H100 
100 |a Mai, Hà 
245 0 |a Phát thảo chiến lược phát triển khoa học và công nghệ Việt Nam đến năm 2010 : 
245 0 |b ( Sách tham khảo ) 
245 0 |c Mai Hà 
260 |a Hà Nội 
260 |b Chính trị Quốc gia 
260 |c 2003 
650 |a Vietnam,Technology 
650 |x Economic conditions,Development countries,Economic aspects 
904 |i MInh 
980 |a Trung tâm Học liệu Trường Đại học Cần Thơ